| 000 | 01088nam0a2200337 i 4500 | ||
|---|---|---|---|
| 001 | RU\NLR\BIBL_A\010920905 | ||
| 005 | 20260406063402.0 | ||
| 010 |
_a9785444441619 _93500 |
||
| 021 |
_aRU _b2015-90675 _95586 |
||
| 035 | _a(NILC)RuMoRGB-008076741 | ||
| 035 | _a(NLR Aleph) 010920905 | ||
| 090 |
_a10675443 _c10675443 |
||
| 100 | _a20151207d2015 m y0rusy50 ca | ||
| 101 | 0 | _arus | |
| 102 | _aRU | ||
| 105 | _ay z 000ay | ||
| 200 | 1 |
_aКиллеры не стареют _e[роман] _fМихаил Черненок |
|
| 210 |
_aМосква _cВече _d2015 |
||
| 215 |
_a286, [1] с. _d21 |
||
| 225 | 1 |
_aВоенные приключения _fсост.: В.И. Пищенко |
|
| 333 | _a12+ | ||
| 675 | _a821.161.1-312.4 | ||
| 686 | 2 | _aШ6(2=Р)75-446 | |
| 700 | 1 |
_8rus _7ca _aЧерненок _bМ. Я. _f1931- _gМихаил Яковлевич _3RU\NLR\AUTH\7722559 _95616 |
|
| 801 | 0 |
_aRU _bРГБ _c20151120 _gRCR |
|
| 801 | 1 |
_aRU _bРГБ _c20151120 _2rusmarc |
|
| 942 | _cBOOK | ||
| 980 | _aNBR | ||